Statistics for Top 10 countries with the highest level of HIV infection

Click here to take the quiz!

General Stats

  • This quiz has been taken 135 times
  • The average score is 8 of 10

Answer Stats

Adult Prevalence rateAnswer% Correct
18%South Africa
98%
25%Botswana
81%
24%Lesotho
81%
14%Zimbabwe
80%
11%Mozambique
79%
13%Namibia
79%
26%Swaziland
78%
13%Zambia
74%
11%Malawi
68%
6%Uganda
66%

Score Distribution

Percentile by Number Answered

Percent of People with Each Score

Your Score History

You have not taken this quiz